000 00721nas a2200229 4500
001 BR9212347
003 BR-BrBNA
005 20231205095227.0
007 ta
008 230509b bl.|||p| |||| 00| 00por d
040 _aBR-BrBNA
_bpor
_cBiblioteca Nacional de Agricultura
041 _a(Pt)
072 _aE10
100 1 _aBandeira, P.S.
245 1 _aReforma tributaria, guerra fiscal e crescimento regional
650 _aImposto
650 _aPolitica Fiscal
650 _aPolitica Economica
773 0 _tIndicadores Economicos - Fundacao de Economia e Estatistica (Brazil)
_xISSN 0103-3905
_g(Jul-Sep 1991), v. 19(3) p. 146-151
_wBR9212347
909 _a202311
_bLúcia
_c55
_dLúcia Elande
942 _2AGRIS
_n0
_cANA
999 _c149450
_d149450